[Event "Stay Safe Play From Home 194"]
[Site "T#646519Emanuel Laske"]
[Date "2020.06.02"]
[Round "6"]
[White "XShot"]
[Black "SoulofWolf"]
[Result "1-0"]
[WhiteElo "2508"]
[BlackElo "2207"]
[Annotator "TA"]
[PlyCount "95"]
[EventDate "2020.06.02"]
[EventType "swiss (blitz)"]

{[%evp 9,95,27,145,2,16,-15,0,0,0,-4,0,-6,21,-22,-27,-31,-33,-71,-27,-37,0,-85,18,13,105,-55,10,-37,-41,-51,-42,-105,-106,-107,-103,-117,-106,-164,-181,-200,182,179,187,191,184,179,584,583,555,549,883,655,881,881,858,840,865,857,892,843,862,835,916,903,1002,981,1035,1035,1119,1060,1324,1293,1257,1241,5218,4871,5504,5783,5487,6085,29969,29968,29961,5167,11279,7537,29978,29971]} 1. d4 e6 2. Nf3 c5 3. Nc3 a6 4. e4 b5 5. dxc5 {[#]} b4 $146 (5... Bxc5 $11 {keeps the balance.} 6. Be2 Bb7) ({Predecessor:} 5... Bxc5 6. Bd3 Bb7 7. O-O d6 8. Qe2 Nd7 9. Bd2 Ne7 10. a3 Nc6 11. Rad1 O-O 12. Bf4 {1-0 (39) Dzhumaev,M (2557)-Drazic,S (2441) Kolkata 2013}) 6. Ne2 {B40: Sicilian: 2...e6, Unusual lines.} (6. Na4 $1 $16) 6... Bxc5 $11 7. Ng3 (7. Nf4 {is more complex.} Bb7 8. Bd3 Nc6 9. O-O Qc7 10. Re1) 7... Bb7 8. Bd3 {The position is equal.} Nc6 9. O-O Nge7 10. a3 O-O 11. Qe2 a5 12. a4 Ng6 13. b3 d5 14. exd5 Qxd5 15. Bb2 (15. Be4 $11 Qd7 16. Rd1) 15... Qd7 (15... Nf4 $1 $17 {[%cal Rf4e2]} 16. Qe4 Qxe4 17. Nxe4 Nxd3 18. cxd3 Be7) 16. Rad1 {aiming for Bxg6.} Qc7 (16... Qe7 $11 {remains equal.}) 17. Ne4 $2 ({Only move:} 17. Nh5 $1 $16) 17... Be7 (17... Nf4 $15 18. Qd2 Nxd3 19. Bxg7 {[%mdl 64] Decoy} Kxg7 20. Qg5+ Kh8 21. Qf6+ Kg8 22. Qg5+ Kh8 23. Qf6+ Kg8 24. Qg5+ Kh8) 18. h4 Nf4 19. Qe3 Nxd3 20. Rxd3 (20. cxd3 $15 Qd7 21. Rc1) 20... Ba6 $1 $17 {[%mdl 64] Skewer} 21. Neg5 Bxd3 22. Qxd3 {[%csl Gg5][%cal Rd3h7]} g6 23. Ne4 (23. h5 $17 {might work better.} Qd8 24. Qe3) 23... Rad8 $19 24. Qe3 Qd7 $4 {[%mdl 8192] [#]} (24... e5 $19 {Threatens to win with ...f6.} 25. Neg5 Rd5) 25. Nf6+ $1 $40 {[%mdl 128] White attacks with force. White stays focused until the end.} ({Stronger than} 25. Qh6 e5 $11) 25... Bxf6 26. Bxf6 {White wants to mate with Qh6.} Ne7 {[#] White must now prevent ...Nd5.} 27. Ne5 $1 {[%cal Re5d7]} Qd4 $2 (27... Qd6) 28. Bxe7 Qxe3 29. fxe3 Kg7 30. Bxf8+ Kxf8 31. Rxf7+ {[%mdl 4096] Endgame KRN-KR} Kg8 32. Rf2 Rd1+ 33. Kh2 Kg7 34. Nc4 Rd5 35. e4 Rh5 36. Kh3 Rc5 37. g4 h6 38. Kg3 Kg8 39. Rd2 Kf7 40. Rd7+ Kf8 41. Ra7 g5 42. Rxa5 gxh4+ 43. Kxh4 Rc7 44. Rb5 Kf7 45. Rxb4 Kf6 46. Rb6 (46. Kh5 $142 Kg7 47. a5 Ra7 48. e5 Kg8 49. Kxh6 Rh7+ 50. Kg6 Rg7+ 51. Kf6) 46... Rd7 47. e5+ Ke7 48. Rd6 {Accuracy: White = 53%, Black = 46%.} 1-0

[Event "Stay Safe Play From Home 194"]
[Site "T#646519Emanuel Laske"]
[Date "2020.06.02"]
[Round "6"]
[White "Toosieslide"]
[Black "Patzeroglu"]
[Result "0-1"]
[WhiteElo "2205"]
[BlackElo "1959"]
[Annotator "TA"]
[PlyCount "116"]
[EventDate "2020.06.02"]
[EventType "swiss (blitz)"]

{[%evp 17,116,12,79,14,53,66,77,49,67,52,107,146,138,103,95,86,249,208,252,206,216,122,223,243,236,247,237,227,239,235,395,291,311,268,318,308,528,528,528,528,528,506,508,126,133,131,128,130,131,121,128,106,162,86,91,0,0,0,0,0,0,0,0,0,0,0,0,0,0,-102,0,0,0,0,0,0,0,0,0,0,1518,0,0,0,0,0,0,0,0,0,0,0,0,0,0,0,0,0,29986,29987,29987]} 1. d4 c5 2. d5 e6 3. c4 exd5 4. cxd5 d6 5. Nc3 Nf6 6. e4 g6 7. Nf3 Bg7 8. h3 O-O 9. Bd3 Na6 (9... b5 $11 {remains equal.}) 10. a3 {A70: Modern Benoni: 6 e4 g6 7 Nf3.} ({White should try} 10. O-O $16) 10... Nc7 11. O-O Re8 12. Bf4 {White is better.} a6 13. a4 h6 (13... Rb8 $14) 14. Re1 $16 {[#]} Bf8 $146 ({Predecessor:} 14... g5 15. Bxd6 Qxd6 16. e5 Qf8 17. exf6 Rxe1+ 18. Qxe1 Bxf6 19. Qe4 Qg7 20. d6 Bxc3 21. bxc3 {1-0 (40) Danchevski,O (2364)-Mitkovski,Z (2149) Struga 2014}) 15. Bc4 Bd7 16. e5 $36 {[%mdl 2048] White is really pushing.} Nh5 $2 (16... b5 $16 {is a better defense.}) 17. Bh2 $18 ({Less strong is} 17. exd6 Nxf4 18. dxc7 Qxc7 $11) 17... b5 18. axb5 axb5 {Hoping for ...Rxa1.} 19. exd6 (19. Rxa8 $18 Nxa8 20. Bxb5 Bxb5 21. Nxb5) 19... Bxd6 (19... Rxa1 $16 20. Qxa1 Rxe1+ 21. Qxe1 Ne8) 20. Bxd6 Rxa1 21. Qxa1 bxc4 22. Rxe8+ ({Don't play} 22. Bxc5 Nb5) 22... Nxe8 23. Bxc5 Bf5 $2 (23... Bc8 24. Qc1 g5) 24. Qa4 Bd3 25. Qc6 Nf4 26. d6 {Threatens to win with d7.} Ne6 $2 (26... Bf5 27. Nd5 Nxd5) 27. d7 Nf6 28. Ne5 $1 Nxc5 29. Qxc5 {And now Qc8! would win.} Nxd7 30. Qd6 $2 (30. Qd5 $18 {is the precise move to win.}) 30... Qb8 $16 31. Qxb8+ Nxb8 32. Nxd3 cxd3 {[%mdl 4096] Endgame [#] KN-KN} 33. Kf1 $1 Nc6 34. Ke1 Ne5 (34... Kf8 $16 {might work better.}) 35. Kd2 (35. Nd5 $18) 35... Nc4+ {[#]} 36. Kxd3 (36. Kc1 $1 $16) 36... Nxb2+ $11 37. Kd4 Kg7 38. Ne4 Na4 39. Nc5 Nb6 40. Ne4 Nc8 41. Ke3 Ne7 42. Kf3 Nf5 43. Ng3 (43. Kf4 $11) 43... Nd4+ (43... Nh4+ $17 44. Kg4 Nxg2) 44. Kf4 Ne6+ 45. Ke4 Nf8 46. Ke5 Nh7 47. Ne4 Nf8 48. Kd6 Nd7 $2 {[%mdl 8192]} (48... g5 $11) 49. Nc5 $2 (49. Kxd7 $18 f5 50. Nd6) 49... Nxc5 50. Kxc5 {K3P-K3P} Kf6 51. Kd4 Kf5 52. Ke3 f6 53. Kf3 g5 54. g4+ Kg6 55. Ke4 h5 56. gxh5+ Kxh5 57. Kf5 {Strongly threatening f3.} g4 $2 {[%mdl 8192]} (57... Kh4 $11) 58. hxg4+ Kh4 {[%mdl 32768] Accuracy: White = 70%, Black = 64%. . Sensor Board Error (Ke4/e5)?} 0-1

[Event "Stay Safe Play From Home 194"]
[Site "T#646519Emanuel Laske"]
[Date "2020.06.02"]
[Round "6"]
[White "Bellbox"]
[Black "Emresenar"]
[Result "1-0"]
[WhiteElo "2127"]
[BlackElo "1768"]
[Annotator "TA"]
[PlyCount "83"]
[EventDate "2020.06.02"]
[EventType "swiss (blitz)"]

{[%evp 9,83,0,1,0,0,0,3,5,13,0,17,6,12,8,20,22,27,0,0,-26,0,-72,71,54,83,81,117,115,107,71,85,45,48,-77,41,-67,0,-16,9,-26,0,0,123,103,107,120,116,38,29,-67,50,-81,30,14,26,-45,-21,-21,-21,-6,53,0,0,-55,-45,-457,-431,-522,-169,-243,-133,-322,0,-290,-133,-373]} 1. e4 b6 2. d3 Bb7 3. Nd2 g6 4. Ngf3 Bg7 5. g3 d6 6. Bg2 {B00: Queen's Fianchetto Defence, Nimzowitsch Defence.} Nd7 7. O-O Ngf6 8. c3 {The position is equal.} O-O {[#]} 9. a4 $146 ({Predecessor:} 9. Re1 e5 10. Nc4 Re8 11. Ne3 c6 12. b4 b5 13. Nh4 d5 14. Ng4 Nxg4 15. Qxg4 {0-1 (33) Peixoto,H (1936)-Ramos,A (1994) Rio de Janeiro 2017}) 9... e6 10. Re1 c5 11. d4 cxd4 12. cxd4 e5 13. d5 Nc5 14. Nh4 Ba6 15. b4 (15. Nb3 $11) 15... Ncd7 (15... Nd3 $17 {keeps the pressure on.} 16. Bf1 Nxb4) 16. b5 Bb7 17. Ba3 Qe7 18. Nc4 Nc5 19. Rc1 Rac8 20. Qe2 Rfd8 21. Qa2 (21. Nb2 $14 {stays ahead.}) 21... Qd7 (21... Nd3 $17 {Strongly threatening ...Bh6.} 22. Qe2 Nxc1 23. Rxc1 Ne8) 22. Bb4 (22. Qc2 $14) 22... Bh6 (22... Nd3 $15 23. Rb1 Nxe1 24. Rxe1 Ne8) 23. Rc2 Bg5 24. Nf3 {And now Bxc5 would win.} (24. Bxc5 $5 Rxc5 25. Nf3 $11) 24... Bh6 25. Nfd2 Bf8 (25... Nd3 $11 26. Rb1 Nxb4 27. Rxb4 Qg4) 26. Qa3 Rc7 27. a5 Qxb5 28. axb6 ({Better is} 28. Bf1 $1 $16) 28... axb6 $14 29. Rb1 {[#]} (29. Bxc5 $11 bxc5 30. Qc3) 29... Qa6 (29... Ncxe4 $1 $15 {[%mdl 512]} 30. Bxd6 (30. Nxe4 Nxe4) 30... Qxb1+ $1 {[%mdl 512]} 31. Nxb1 Nxd6) 30. Qc3 {[#]} (30. Qf3 $14 Nfd7 31. Rc3) 30... b5 ({Black should play} 30... Nfxe4 $1 $17 {[%mdl 512]} 31. Nxe4 Nxe4 32. Bxe4 b5) 31. Ra1 Na4 $1 {[%cal Ra4c3]} 32. Qb3 (32. Qf3 $11) 32... Ra8 33. Na5 Rxc2 34. Qxc2 Nb6 (34... Bc8 $11) 35. Qc3 (35. Bf1 $14) 35... Na4 $36 {[%mdl 2048] Black is pushing.} 36. Qb3 (36. Qf3 $11 Nd7 37. Bf1 (37. Nxb7 Qxb7 38. Bf1 Qb6 $11)) 36... Qb6 $15 37. Nc6 $2 {[%mdl 8192]} (37. Nxb7 Nc5 $17) (37. Qf3 $15) 37... Bxc6 $19 38. dxc6 Qxc6 $2 (38... Nc5 39. Rxa8 Nxb3 40. Bxd6 Nxd2) 39. Bf1 (39. Qf3 $142 Nd7 40. Bf1) 39... Qb6 ({But not} 39... Nxe4 40. Nxe4 Qxe4 41. Bg2) ({Black should try} 39... Nc5 $19 40. Qd1 Rxa1 41. Qxa1 Ncxe4) 40. Nb1 $2 (40. Qc2 $17 {keeps fighting.}) 40... Qc6 $2 (40... Nxe4 $19 41. Ra2 Nac5) 41. Nc3 $2 {[%mdl 8192]} (41. Nd2 $11 {and White is okay.}) 41... Nxe4 (41... Nc5 $19 {has better winning chances.} 42. Qd1 Rxa1 43. Qxa1 Ncxe4) 42. Nxa4 $2 {[%mdl 32768] Accuracy: White = 36%, Black = 47%. . Loss on time!?} (42. Bxb5 $17 Nac5 {[%mdl 64] Discovered Attack} 43. Bxc6 Rxa1+ 44. Qd1 Rxd1+ 45. Nxd1) 1-0

[Event "Stay Safe Play From Home 194"]
[Site "T#646519Emanuel Laske"]
[Date "2020.06.02"]
[Round "6"]
[White "Don59as"]
[Black "Konmos"]
[Result "1-0"]
[WhiteElo "2120"]
[BlackElo "1736"]
[Annotator "NA RC"]
[PlyCount "37"]
[EventDate "2020.06.02"]
[EventType "swiss (blitz)"]

1. c4 {[%emt 0:00:02]} d5 {[%emt 0:00:01]} 2. cxd5 {[%emt 0:00:01]} Qxd5 {[%emt 0:00:00]} 3. Nc3 {[%emt 0:00:00]} Qa5 {[%emt 0:00:00]} 4. g3 {[%emt 0:00:00]} c5 {[%emt 0:00:01]} 5. Bg2 {[%emt 0:00:01]} Nc6 {[%emt 0:00:01]} 6. d3 {[%emt 0:00:00]} Nd4 {[%emt 0:00:01]} 7. Bd2 {[%emt 0:00:00]} Qc7 {[%emt 0:00:01]} 8. Nf3 {[%emt 0:00:01]} a6 {[%emt 0:00:01]} 9. O-O {[%emt 0:00:03]} h5 {[%emt 0:00:01]} 10. Nxd4 {[%emt 0:00:01]} cxd4 {[%emt 0:00:01]} 11. Nd5 {[%emt 0:00:01]} Qd7 {[%emt 0:00:05]} 12. Nb6 {[%emt 0:00:02]} Qb5 {[%emt 0:00:06]} 13. Nxa8 {[%emt 0:00:01]} Qe5 {[%emt 0:00:02]} 14. Rc1 {[%emt 0:00:02]} Qb8 {[%emt 0:00:04]} 15. Nc7+ {[%emt 0:00:03]} Kd8 {[%emt 0:00:02]} 16. Bf4 {[%emt 0:00:01]} Qa7 {[%emt 0:00:06]} 17. Qa4 {[%emt 0:00:03]} b5 {[%emt 0:00:03]} 18. Qa5 {[%emt 0:00:01]} g5 {[%emt 0:00:03]} 19. Nxb5+ {[%emt 0:00:02] Konmos gibt auf (Lag: Av=0.91s, max=1.2s)} 1-0

[Event "Stay Safe Play From Home 194"]
[Site "T#646519Emanuel Laske"]
[Date "2020.06.02"]
[Round "6"]
[White "Lazieri3"]
[Black "Edmatuag"]
[Result "1-0"]
[WhiteElo "2030"]
[BlackElo "1653"]
[Annotator "TA"]
[PlyCount "61"]
[EventDate "2020.06.02"]
[EventType "swiss (blitz)"]

{[%evp 9,61,-23,-23,-38,-33,-36,-25,-35,-15,-26,22,-17,-23,-44,14,4,38,39,44,47,330,306,381,376,437,438,458,434,439,429,433,290,289,290,304,318,1004,320,324,307,310,307,307,307,307,307,563,307,719,728,675,653,1429,1377]} 1. e4 c6 2. Nc3 d5 3. Nf3 d4 4. Ne2 c5 5. d3 Nc6 6. g3 {B11: Caro-Kann: Two Knights Variation.} e5 7. Bg2 Be7 8. O-O {Black has an edge.} Bg4 9. h3 {[#]} Bh5 $146 ({Predecessor:} 9... Be6 10. a3 g5 11. Ne1 Qd7 12. Kh2 g4 13. f4 gxh3 14. Bf3 f5 15. Bh5+ Kd8 16. fxe5 Nxe5 {1-0 (50) Gusakovskaya,Y (1898)-Palicz,L (2062) Nyiregyhaza 2003}) 10. Nh2 f6 11. Qe1 g5 ({Better is} 11... Bd6 $15) 12. a3 $11 Bg6 13. f4 gxf4 14. gxf4 Nh6 $2 {[%mdl 8192] [#] This move loses the game for Black.} (14... Qc7 $14) 15. f5 $18 Bh5 16. Bxh6 Kd7 17. Bf3 Qe8 18. Kh1 Bxf3+ 19. Nxf3 Qh5 20. Bd2 Qxh3+ 21. Nh2 Rhg8 {[%csl Gg8][%cal Rh3g2] [#]} 22. Rg1 Bf8 $2 (22... Kc7 23. Qf1 Rxg1+ 24. Qxg1 Qh5) 23. Qf2 $2 (23. Rxg8 Rd8 24. Rg4) 23... Bh6 24. Bxh6 Qxh6 25. Rxg8 Rxg8 26. Rg1 Rxg1+ 27. Nxg1 Qc1 $2 (27... Ke7 28. Qg3 Kf7) 28. b3 Qxa3 $2 (28... Qg5 29. Ngf3 Qc1+ 30. Kg2 Qf4) 29. Ng4 {White is clearly winning.} Qc1 30. Nxf6+ Kc7 {If Black can now play ...Qh6+ this consolidates a bit.} 31. Nd5+ {Accuracy: White = 69%, Black = 39%.} 1-0

[Event "Stay Safe Play From Home 194"]
[Site "T#646519Emanuel Laske"]
[Date "2020.06.02"]
[Round "6"]
[White "Fischer_11"]
[Black "Buzaglo"]
[Result "1-0"]
[WhiteElo "2010"]
[BlackElo "1878"]
[Annotator "NA RC"]
[PlyCount "157"]
[EventDate "2020.06.02"]
[EventType "swiss (blitz)"]

1. e4 {[%emt 0:00:04]} e6 {[%emt 0:00:00]} 2. d4 {[%emt 0:00:01]} d5 {[%emt 0:00:00]} 3. Nd2 {[%emt 0:00:01]} c5 {[%emt 0:00:00]} 4. c3 {[%emt 0:00:01]} cxd4 {[%emt 0:00:00]} 5. cxd4 {[%emt 0:00:00]} dxe4 {[%emt 0:00:01]} 6. Nxe4 {[%emt 0:00:00]} Nf6 {[%emt 0:00:00]} 7. Nxf6+ {[%emt 0:00:00]} Qxf6 {[%emt 0:00:02]} 8. Nf3 {[%emt 0:00:00]} Bb4+ {[%emt 0:00:01]} 9. Bd2 {[%emt 0:00:02]} Bd6 {[%emt 0:00:00]} 10. Bd3 {[%emt 0:00:01]} Bd7 {[%emt 0:00:02]} 11. O-O {[%emt 0:00:01]} Qe7 {[%emt 0:00:01]} 12. Re1 {[%emt 0:00:04]} O-O {[%emt 0:00:02]} 13. Qe2 {[%emt 0:00:00]} Qd8 {[%emt 0:00:01]} 14. Qe4 {[%emt 0:00:01]} f5 {[%emt 0:00:01]} 15. Qxb7 {[%emt 0:00:02]} Nc6 {[%emt 0:00:01]} 16. Qb3 {[%emt 0:00:02]} Rb8 {[%emt 0:00:01]} 17. Qc2 {[%emt 0:00:03]} Nb4 {[%emt 0:00:01]} 18. Bxb4 {[%emt 0:00:01]} Rxb4 {[%emt 0:00:00]} 19. a3 {[%emt 0:00:01]} Rb8 {[%emt 0:00:01]} 20. b4 {[%emt 0:00:01]} Be7 {[%emt 0:00:01]} 21. Ne5 {[%emt 0:00:03]} Bf6 {[%emt 0:00:01]} 22. Bc4 {[%emt 0:00:04]} Bc8 {[%emt 0:00:02]} 23. Rad1 {[%emt 0:00:03]} Qc7 {[%emt 0:00:01]} 24. Qb3 {[%emt 0:00:02]} Kh8 {[%emt 0:00:01]} 25. Bxe6 {[%emt 0:00:01]} Bxe6 {[%emt 0:00:01]} 26. Qxe6 {[%emt 0:00:00]} Rbe8 {[%emt 0:00:02]} 27. Qb3 {[%emt 0:00:06]} Bxe5 {[%emt 0:00:01]} 28. dxe5 {[%emt 0:00:00]} Rxe5 {[%emt 0:00:02]} 29. Rxe5 {[%emt 0:00:01]} Qxe5 {[%emt 0:00:00]} 30. Qd3 {[%emt 0:00:01]} h6 {[%emt 0:00:02]} 31. g3 {[%emt 0:00:00]} Re8 {[%emt 0:00:01]} 32. Qd6 {[%emt 0:00:00]} Qxd6 {[%emt 0:00:01]} 33. Rxd6 {[%emt 0:00:00]} Re1+ {[%emt 0:00:01]} 34. Kg2 {[%emt 0:00:00]} Re7 {[%emt 0:00:00]} 35. Ra6 {[%emt 0:00:01]} Kh7 {[%emt 0:00:01]} 36. h3 {[%emt 0:00:01]} h5 {[%emt 0:00:00]} 37. h4 {[%emt 0:00:00]} g5 {[%emt 0:00:01]} 38. Kf3 {[%emt 0:00:00]} g4+ {[%emt 0:00:01]} 39. Kf4 {[%emt 0:00:01]} Rf7 {[%emt 0:00:01]} 40. Kg5 {[%emt 0:00:01]} Kg7 {[%emt 0:00:01]} 41. Kxh5 {[%emt 0:00:00]} f4 {[%emt 0:00:00]} 42. Kxg4 {[%emt 0:00:01]} fxg3 {[%emt 0:00:01]} 43. fxg3 {[%emt 0:00:00]} Rd7 {[%emt 0:00:01]} 44. h5 {[%emt 0:00:01]} Rd4+ {[%emt 0:00:00]} 45. Kh3 {[%emt 0:00:00]} Kh7 {[%emt 0:00:00]} 46. Rxa7+ {[%emt 0:00:01]} Kh6 {[%emt 0:00:00]} 47. Ra5 {[%emt 0:00:00]} Rd3 {[%emt 0:00:01]} 48. Kh4 {[%emt 0:00:01]} Rd4+ {[%emt 0:00:00]} 49. g4 {[%emt 0:00:00]} Rd1 {[%emt 0:00:01]} 50. g5+ {[%emt 0:00:01]} Kh7 {[%emt 0:00:00]} 51. Ra7+ {[%emt 0:00:00]} Kg8 {[%emt 0:00:01]} 52. g6 {[%emt 0:00:00]} Rd4+ {[%emt 0:00:01]} 53. Kg5 {[%emt 0:00:00]} Rd5+ {[%emt 0:00:00]} 54. Kh6 {[%emt 0:00:01]} Kf8 {[%emt 0:00:01]} 55. Ra8+ {[%emt 0:00:01]} Ke7 {[%emt 0:00:01]} 56. g7 {[%emt 0:00:00]} Rd6+ {[%emt 0:00:01]} 57. Kh7 {[%emt 0:00:00]} Rd8 {[%emt 0:00:02]} 58. g8=Q {[%emt 0:00:00]} Rxg8 {[%emt 0:00:01]} 59. Kxg8 {[%emt 0:00:00]} Ke6 {[%emt 0:00:00]} 60. h6 {[%emt 0:00:00]} Kd5 {[%emt 0:00:00]} 61. h7 {[%emt 0:00:00]} Kc4 {[%emt 0:00:00]} 62. h8=Q {[%emt 0:00:00]} Kb3 {[%emt 0:00:00]} 63. Qh6 {[%emt 0:00:00]} Ka2 {[%emt 0:00:00]} 64. Qd6 {[%emt 0:00:00]} Kb2 {[%emt 0:00:00]} 65. b5 {[%emt 0:00:00]} Kb3 {[%emt 0:00:00]} 66. b6 {[%emt 0:00:00]} Kc3 {[%emt 0:00:01]} 67. b7 {[%emt 0:00:00]} Kb3 {[%emt 0:00:00]} 68. a4 {[%emt 0:00:00]} Ka2 {[%emt 0:00:00]} 69. a5 {[%emt 0:00:00]} Kb3 {[%emt 0:00:02]} 70. a6 {[%emt 0:00:00]} Ka2 {[%emt 0:00:00]} 71. a7 {[%emt 0:00:00]} Kb3 {[%emt 0:00:00]} 72. Re8 {[%emt 0:00:00]} Ka2 {[%emt 0:00:00]} 73. Re6 {[%emt 0:00:00]} Kb3 {[%emt 0:00:00]} 74. Re5 {[%emt 0:00:00]} Kc4 {[%emt 0:00:00]} 75. Qf6 {[%emt 0:00:00]} Kb3 {[%emt 0:00:00]} 76. Qf4 {[%emt 0:00:00]} Ka2 {[%emt 0:00:00]} 77. Re3 {[%emt 0:00:00]} Kb1 {[%emt 0:00:00]} 78. Qf2 {[%emt 0:00:00]} Kc1 {[%emt 0:00:00]} 79. Re1# {[%emt 0:00:00] (Lag: Av=0.43s, max=0.6s)} 1-0

[Event "Stay Safe Play From Home 194"]
[Site "T#646519Emanuel Laske"]
[Date "2020.06.02"]
[Round "6"]
[White "Haxhi Baha"]
[Black "Lucknow"]
[Result "1-0"]
[WhiteElo "1938"]
[BlackElo "1910"]
[Annotator "TA"]
[PlyCount "65"]
[EventDate "2020.06.02"]
[EventType "swiss (blitz)"]

{[%evp 14,65,48,3,20,0,24,25,97,85,211,114,85,-74,-52,-66,263,202,211,208,213,202,263,174,239,202,364,350,1203,1193,827,247,230,239,273,50,65,47,131,131,120,81,79,21,124,103,194,187,29992,286,181,89,29997,29998]} 1. e4 c5 2. Nf3 d6 3. d4 cxd4 4. Nxd4 Nf6 5. Nc3 g6 6. Be2 Bg7 7. Be3 O-O 8. g4 Nc6 {B72: Sicilian Dragon: 6 Be3, lines with h3+Bc4 and sidelines.} 9. g5 Nd7 10. h4 a6 (10... Nc5 $11) 11. h5 $16 {[#]} Nde5 $146 (11... Nc5 $16 {was worth a try.}) ({Predecessor:} 11... Na5 12. hxg6 hxg6 13. Qd2 Re8 14. O-O-O b5 15. f4 b4 16. Nd5 e6 17. Nf6+ Nxf6 18. gxf6 Qxf6 19. Qxb4 {0-1 (44) Gaehwiler,G (2267)-Zhou,Y (2430) Prague 2012}) 12. hxg6 (12. f4 $18) 12... fxg6 13. f4 $2 (13. Qd2 $1 $16) 13... Nxd4 $17 14. Bxd4 ({Wrong is} 14. Qxd4 $2 Nf3+ $1 {[%mdl 512]} 15. Bxf3 Bxd4 $19) 14... Nc6 $2 {[%mdl 8192]} (14... Rxf4 $15 15. Qd2 Qf8) 15. Bc4+ e6 16. Bxg7 Kxg7 17. Qg4 Qe7 18. Qh3 {[%csl Gh1][%cal Rh3h7]} Kg8 (18... Kh8 $142) 19. O-O-O Rf7 $2 {[#]} (19... Rxf4 20. Rxd6 h5 21. Bxe6+ Bxe6 22. Qxe6+ Qxe6 23. Rxe6 Kf7) 20. f5 $1 $18 {[%mdl 512]} gxf5 $2 {[#]} (20... Ne5) (20... exf5 21. Qxh7+) 21. g6 $1 {[%mdl 512]} Rg7 (21... hxg6 22. Qh8#) 22. gxh7+ $2 (22. exf5 d5 23. Qh6) 22... Kh8 23. exf5 d5 24. f6 $2 (24. Rdf1 $18 {Threatens to win with f6!} Qf6 25. fxe6 Bxe6 26. Rxf6 Bxh3 27. Bxd5 (27. Rxh3 dxc4 28. Ne4 Ne5 $16) (27. Nxd5 Ne5 $16)) 24... Qxf6 $14 25. Rdf1 Qg5+ (25... Qe7 $1 $14 26. Bd3 Bd7) 26. Kb1 $16 {Rf8+ would kill now.} Bd7 27. Bd3 $40 {[%mdl 128] Black is in trouble.} Ne5 28. a3 (28. Ne2 $16 {aiming for Rhg1.} Nxd3 29. Qxd3) 28... Nxd3 (28... Qg3 $11) 29. Qxd3 Re8 (29... Bc6 $16) 30. Qd4 $18 Qg4 $2 {[#]} (30... Bc6 $18) 31. Qe5 $2 (31. Qf6 $1 {[%mdl 512] mates} Qf5 32. Rxf5 exf5 33. Nxd5 Ba4 {[#]} 34. Ne7 $1 {[%mdl 576] Pin} Bxc2+ 35. Kxc2 Rc8+ 36. Nxc8 b5 37. Qf8+ Rg8 38. hxg8=N#) 31... Qg5 32. Qd6 (32. Qh2 $18 Qg3 33. Qh5) 32... Bc6 $2 {[%mdl 8192]} (32... Qe7 $16 33. Qe5 Bc6) 33. Rf8+ {[%mdl 64] Back Rank. Accuracy: White = 43%, Black = 24%.} 1-0

[Event "Stay Safe Play From Home 194"]
[Site "T#646519Emanuel Laske"]
[Date "2020.06.02"]
[Round "6"]
[White "NeatFox"]
[Black "Klausen"]
[Result "1-0"]
[WhiteElo "1826"]
[BlackElo "1779"]
[Annotator "NA RC"]
[PlyCount "63"]
[EventDate "2020.06.02"]
[EventType "swiss (blitz)"]

1. g4 {[%emt 0:00:02]} d5 {[%emt 0:00:02]} 2. Bg2 {[%emt 0:00:01]} c6 {[%emt 0:00:01]} 3. c4 {[%emt 0:00:01]} e6 {[%emt 0:00:02]} 4. cxd5 {[%emt 0:00:03]} exd5 {[%emt 0:00:01]} 5. Qb3 {[%emt 0:00:07]} Qb6 {[%emt 0:00:03]} 6. Qxb6 {[%emt 0:00:01]} axb6 {[%emt 0:00:02]} 7. g5 {[%emt 0:00:00]} Be7 {[%emt 0:00:02]} 8. d4 {[%emt 0:00:00]} h6 {[%emt 0:00:03]} 9. h4 {[%emt 0:00:00]} hxg5 {[%emt 0:00:02]} 10. hxg5 {[%emt 0:00:00]} Rxh1 {[%emt 0:00:02]} 11. Bxh1 {[%emt 0:00:00]} Bf5 {[%emt 0:00:03]} 12. Nc3 {[%emt 0:00:02]} Nd7 {[%emt 0:00:02]} 13. Nf3 {[%emt 0:00:02]} b5 {[%emt 0:00:01]} 14. a3 {[%emt 0:00:01]} b4 {[%emt 0:00:01]} 15. Nb1 {[%emt 0:00:04]} bxa3 {[%emt 0:00:03]} 16. Nxa3 {[%emt 0:00:01]} Nb6 {[%emt 0:00:04]} 17. Bd2 {[%emt 0:00:02]} Bxa3 {[%emt 0:00:02]} 18. Rxa3 {[%emt 0:00:01]} Rxa3 {[%emt 0:00:02]} 19. bxa3 {[%emt 0:00:00]} Nc4 {[%emt 0:00:01]} 20. Bb4 {[%emt 0:00:00]} Be4 {[%emt 0:00:01]} 21. Bg2 {[%emt 0:00:01]} Bxf3 {[%emt 0:00:02]} 22. Bxf3 {[%emt 0:00:01]} Ne7 {[%emt 0:00:00]} 23. Bg4 {[%emt 0:00:01]} f5 {[%emt 0:00:05]} 24. gxf6 {[%emt 0:00:01]} gxf6 {[%emt 0:00:01]} 25. Be6 {[%emt 0:00:02]} Kd8 {[%emt 0:00:03]} 26. e4 {[%emt 0:00:01]} dxe4 {[%emt 0:00:02]} 27. Bxc4 {[%emt 0:00:01]} b5 {[%emt 0:00:01]} 28. Bxe7+ {[%emt 0:00:01]} Kxe7 {[%emt 0:00:02]} 29. Be2 {[%emt 0:00:02]} Kd6 {[%emt 0:00:01]} 30. Kd2 {[%emt 0:00:01]} Kd5 {[%emt 0:00:01]} 31. Ke3 {[%emt 0:00:01]} c5 {[%emt 0:00:00]} 32. dxc5 {[%emt 0:00:01] Zeit '} 1-0